000 00278nam a2200109Ia 4500
008 200302s9999 xx 000 0 und d
100 _aNorman Foster
245 _aBuildings and Projects Vol 4
260 _bBirkhauser-Publishers for Architecure
260 _c1996
300 _a248 P.,
999 _c866
_d866